000 00868nam a2200265 i 4500
001 bg
003 BPK
005 20210407113731.0
008 000320s1979 pl a f f |000 0 pol
015 _aPB 1932/80
020 _a8320401100
040 _aWA N
_cBPK
080 _a681.5
080 _a(07)
100 1 _aMarkowski, Andrzej
_d(?-2003).
245 1 0 _aAutomatyka w pytaniach i odpowiedziach /
_cAndrzej Markowski, Jerzy Kostro, Andrzej Lewandowski.
260 _aWarszawa :
_bWydaw-a Naukowo-Techniczne,
_c1979.
300 _a260 s. :
_bil., tab., wykr. ;
_c25 cm.
650 4 _aAutomatyka
655 4 _aPodręcznik
700 1 _aLewandowski, Andrzej
_c(automatyka).
700 1 _aKostro, Jerzy
_eAutor
942 _2UKD
_cKS
856 _uhttp://koha.tu.koszalin.pl/cgi-bin/koha/opac-detail.pl?biblionumber=1672
_yKatalog online BPK
999 _c1672
_d1672